|
|
|
|
| LEADER |
00000cam a2200000 7i4500 |
| 001 |
0000004002 |
| 005 |
20131023.0 |
| 020 |
0 |
0 |
|a 9780814409152
|
| 090 |
0 |
0 |
|a 658.302
|b BRUC 2007
|
| 100 |
1 |
0 |
|a Katcher, Bruce Leslie
|
| 245 |
1 |
4 |
|a 30 Reasons Employees Hate Their Manager : :
|b What Your People May Be Thingking and What You Can Do About It
|c Bruce L. Katcher Adam Snyder
|
| 260 |
0 |
0 |
|a New York, USA :
|b American Management Association ,
|c 2007
|
| 300 |
|
|
|a 207 p. ;
|c 24 cm.
|
| 500 |
0 |
0 |
|a Includes index
|
| 650 |
0 |
0 |
|a Industrial relations
|
| 650 |
0 |
0 |
|a Personal management
|
| 650 |
0 |
0 |
|a Supervision of employees
|
| 998 |
|
|
|a JPSM
|
| 999 |
|
|
|a 007823
|b Monograph
|c Open Shelf
|e Default branch
|